Инвестиционная стратегия предприятия: учебное пособие

Dettagli Bibliografici
Autore principale: Лахметкина Н. И. Наталия Ивановна
Riassunto:Рассмотрены основы инвестиционной деятельности, роль инвестиций в развитии экономики. Дано понятие и определены основные элементы инвестиционного рынка. Подробно изучены вопросы оценки и прогнозирования конъюнктуры инвестиционного рынка на макро- и микроуровне, а также на уровне отраслей национальной экономики и регионов. Показано, как разрабатывать и реализовывать инвестиционную стратегию предприятия. Много внимания уделено бизнес-планированию, а также проблемам инвестиционного портфеля предприятия, формирования и управления портфелем реальных инвестиционных проектов и ценных бумаг. Для студентов, аспирантов и преподавателей финансово-экономических вузов и факультетов, слушателей системы повышения квалификации, а также экономистов, бухгалтеров, менеджеров предприятий и организаций.
Lingua:russo
Pubblicazione: Москва, КноРус, 2010
Edizione:5-е изд., испр.
Soggetti:
Natura: MixedMaterials Libro
KOHA link:https://koha.lib.tpu.ru/cgi-bin/koha/opac-detail.pl?biblionumber=183826

MARC

LEADER 00000nam0a2200000 4500
001 183826
005 20231101223807.0
010 |a 9785406004715 
035 |a (RuTPU)RU\TPU\book\199288 
035 |a RU\TPU\book\97746 
035 |a RU\TPU\book\163060 
035 |a RU\TPU\book\163060 
090 |a 183826 
100 |a 20060221d2010 m y0rusy50 ca 
101 0 |a rus 
102 |a RU 
105 |a y j 001zy 
200 1 |a Инвестиционная стратегия предприятия  |e учебное пособие  |f Н. И. Лахметкина 
205 |a 5-е изд., испр. 
210 |a Москва  |c КноРус  |d 2010 
215 |a 232 с. 
320 |a Глоссарий: с. 208-227. 
320 |a Рекомендуемая литература: с. 228-230. 
330 |a Рассмотрены основы инвестиционной деятельности, роль инвестиций в развитии экономики. Дано понятие и определены основные элементы инвестиционного рынка. Подробно изучены вопросы оценки и прогнозирования конъюнктуры инвестиционного рынка на макро- и микроуровне, а также на уровне отраслей национальной экономики и регионов. Показано, как разрабатывать и реализовывать инвестиционную стратегию предприятия. Много внимания уделено бизнес-планированию, а также проблемам инвестиционного портфеля предприятия, формирования и управления портфелем реальных инвестиционных проектов и ценных бумаг. Для студентов, аспирантов и преподавателей финансово-экономических вузов и факультетов, слушателей системы повышения квалификации, а также экономистов, бухгалтеров, менеджеров предприятий и организаций. 
451 1 |0 (RuTPU)RU\TPU\book\163060  |y 978-5-390-00142-4  |t Инвестиционная стратегия предприятия  |o учебное пособие  |f Н. И. Лахметкина  |e 4-е изд., перераб. и доп.  |c М.  |n КноРус  |d 2008  |p 232 с.  |a Лахметкина, Наталия Ивановна 
606 1 |a Инвестиции  |2 stltpush  |3 (RuTPU)RU\TPU\subj\36163  |9 57637 
610 1 |a экономика 
610 1 |a инвестиционная деятельность 
610 1 |a рынки 
610 1 |a стратегия 
610 1 |a планирование 
610 1 |a портфели 
610 1 |a проекты 
610 1 |a оперативное управление 
610 1 |a портфель ценных бумаг 
610 1 |a учебные пособия 
686 |a У9(2)0-56я73  |2 rubbk 
700 1 |a Лахметкина  |b Н. И.  |g Наталия Ивановна 
801 1 |a RU  |b 63413507  |c 20100823 
801 2 |a RU  |b 63413507  |c 20150514  |g RCR 
900 |a Инвестиционная политика и инвестиционные фонды 
900 |a Инвестиции 
900 |a Инвестирование 
942 |c BK 
951 |b 080105 
959 |a 50/20100823  |d 2  |e 130,00  |f АНЛ:1  |f ЧЗГЛ:1